[Event "Yingmei CHN-chT 2018"]
[Site "Guangdong"]
[Date "2018.11.29"]
[Round "21"]
[White "Jakovenko, Dmitry"]
[Black "Peng, Hongchi"]
[Result "1-0"]
[WhiteElo "2749"]
[BlackElo "2273"]
[Annotator "TA"]
[PlyCount "83"]
[EventDate "2018.07.09"]
[EventType "team-tourn"]
[EventCountry "CHN"]
[SourceTitle "playchess.com"]
[Source "ChessBase"]
[SourceQuality "1"]

{[%evp 24,83,57,52,80,12,16,23,25,15,53,48,52,44,65,40,75,31,33,31,31,31,22,28,37,50,72,29,30,27,70,42,60,54,99,111,93,70,76,84,74,76,190,195,591,264,561,516,497,197,1299,1250,1061,966,29986,29987,29988,29988,29988,29984,29984,29984]} 1. c4 Nf6 2. Nf3 g6 3. Nc3 Bg7 4. e4 O-O 5. d4 d6 6. Be2 e5 7. O-O Nc6 8. d5 Ne7 9. Ne1 Nd7 10. Nd3 f5 11. f3 f4 12. Bd2 g5 13. Rc1 Ng6 {E99: King's Indian: Classical Main Line: 9 Ne1 Nd7 10 f3 f5} 14. c5 ({White should try} 14. b4 $16) 14... Nxc5 $11 (14... Nf6 15. Nb5 Rf7 16. Ba5 b6 17. cxd6 cxd6 18. Be1 g4 19. fxg4 Nxe4 20. Nb4 a6 21. Bf3 Ng3 22. Nxd6 Qxd6 23. Rc6 Qf8 24. hxg3 fxg3 25. d6 e4 {½-½ (39) Ragger,M (2689)-Nakamura,H (2787) Gibraltar 2016}) 15. Nxc5 dxc5 {White has an edge.} 16. Nb1 {[%cal Bc3b1,Bb1a3,Ba3c4][%mdl 32]} Rf7 $146 ({Predecessor:} 16... Kh8 17. Rxc5 c6 18. Kh1 Ne7 19. Bb4 cxd5 20. Rxd5 Nxd5 21. Bxf8 Bxf8 22. Nc3 Bc5 23. exd5 Bd7 24. Qb3 Qb6 25. Ne4 Qxb3 26. axb3 Rc8 27. Rc1 Bb4 28. Rxc8+ {½-½ (28) Repanic,F (2107)-Khanas,V (2256) ICCF email 2017}) 17. Rxc5 Bf8 18. Rc2 h5 19. Na3 Rg7 20. Nc4 g4 21. fxg4 Qg5 {[%cal Rh5g4]} 22. Nxe5 $1 Qxe5 23. Bc3 Qxe4 24. Bxg7 Bxg7 25. Rc4 Qe3+ 26. Kh1 Ne5 27. Rc3 $1 $36 {[%cal Rc3e3][%mdl 2048] White has some pressure.} Qe4 {[%cal Re5g4]} 28. gxh5 Bf5 29. Rxc7 Rd8 30. d6 {aiming for Qd2.} Kh8 31. Qd2 Bh3 {[%csl Gh3][%cal Re4g2] [#]} 32. Rf2 {Strongly threatening Re7.} Rg8 (32... f3 $16 33. Bf1 (33. gxf3 Qb1+ 34. Qd1 Qxd1+ 35. Bxd1 Bf8 $16) 33... fxg2+ 34. Bxg2 Bxg2+ 35. Rxg2 Rxd6) 33. Bf1 $18 {And now Re2 would win.} Bh6 $2 (33... Bd7 {is a better chance.} 34. h6 (34. Rxf4 Qh7 $16) (34. Qxf4 Qxf4 35. Rxf4 Bh6 $18) 34... Bf6) 34. d7 (34. Re2 $142 Qd3 35. Qxd3 Nxd3 36. Ree7) 34... Bg5 $2 (34... Bxd7 35. Re2 Qb1) 35. Qc3 Qe3 36. Re2 $2 (36. gxh3 Qxc3 37. bxc3) 36... Bxg2+ $2 (36... Qxc3 37. Rxc3 (37. bxc3 f3 $16) 37... Bxd7) 37. Rxg2 {Intending Qxe3 and mate.} f3 38. Rg3 {Threatening mate with Qxe3.} Qe4 39. Rc4 {White mates.} Qf5 40. Rc5 Bf6 41. Rxg8+ Kxg8 {[#]} 42. d8=Q+ $1 {Accuracy: White = 49%, Black = 30%.} 1-0

[Event "Yingmei CHN-chT 2018"]
[Site "Guangdong"]
[Date "2018.11.29"]
[Round "21"]
[White "Harikrishna, P.."]
[Black "Zou, Chen"]
[Result "1-0"]
[WhiteElo "2729"]
[BlackElo "2384"]
[Annotator "TA"]
[PlyCount "183"]
[EventDate "2018.07.09"]
[EventType "team-tourn"]
[EventCountry "CHN"]
[SourceTitle "playchess.com"]
[Source "ChessBase"]
[SourceQuality "1"]

{[%evp 27,183,24,23,0,0,0,0,2,0,-12,27,27,17,17,25,30,26,39,29,28,52,50,37,42,43,34,57,52,56,58,54,49,50,50,54,54,53,54,61,43,45,0,58,53,58,51,59,53,60,57,57,57,57,42,52,52,53,54,55,48,48,38,69,61,69,61,62,69,73,63,76,45,45,45,45,45,69,69,85,81,122,89,89,89,89,46,68,45,65,23,68,68,68,52,50,47,77,76,143,78,76,76,87,85,91,51,57,39,39,39,39,39,67,50,54,46,46,46,59,46,78,60,60,62,92,92,92,92,92,92,92,92,110,110,275,78,111,110,384,356,452,282,515,515,515,514,416,434,1710,1564,29985,29986,29993,29994,29994,29993,29993,29994]} 1. Nf3 Nf6 2. c4 e6 3. g3 d5 4. Bg2 Be7 5. O-O O-O 6. d4 dxc4 7. Qa4 a6 8. Qxc4 b5 9. Qc2 Bb7 10. Bd2 Be4 11. Qc1 Bb7 12. Bf4 Nd5 13. Nc3 {E05: Open Catalan: 5 Nf3 Be7} (13. Rd1 Nxf4 14. Qxf4 Qd6 15. Nbd2 Nd7 16. Rac1 Rad8 17. Nb3 Bd5 18. Nfd2 Nb6 19. Rxc7 Bxb3 20. Nxb3 Nc4 21. Qxd6 Bxd6 {1-0 (28) Gelfand,B (2748)-Radjabov,T (2726) Baku 2014}) 13... Nxf4 14. Qxf4 Qd6 {LiveBook: 22 Games} 15. Qe3 {White has an edge.} Nd7 16. Ne4 Qb6 17. Rac1 Rad8 18. Rc2 {[#]} Bxe4 $146 ({Predecessor:} 18... Rfe8 19. Rfc1 Bd5 20. Nc3 Bxf3 21. exf3 {½-½ (32) Plomp,M (2577)-Bross,H (2562) ICCF corr 2004}) 19. Qxe4 c5 20. dxc5 Nxc5 21. Qe3 Na4 22. Qxb6 Nxb6 23. Ne5 Rc8 24. Rfc1 Rxc2 25. Rxc2 Bf6 26. Nd3 Nc4 27. b3 Ne5 28. Nxe5 Bxe5 $14 {[%mdl 4096] Endgame KRB-KRB} 29. Rc6 b4 30. Rxa6 Rd8 31. Be4 g6 32. Bd3 Bb2 33. Rb6 Bc3 34. Ra6 Bb2 35. Kg2 Rc8 36. f4 Rc7 37. g4 Bd4 38. a4 bxa3 $1 39. Rxa3 Ra7 40. Ba6 Bc5 41. Ra4 Bd6 42. Kf3 h6 43. h4 Kg7 44. e4 {[%cal Be2e4,Be4e5][%mdl 32]} Be7 45. h5 gxh5 46. gxh5 Bd6 47. e5 Bc7 48. Ke4 f6 49. f5 exf5+ 50. Kxf5 Bxe5 51. Rg4+ Kh8 52. Be2 Ra2 53. Bc4 Kh7 54. Ke6 Rd2 55. Bd5 Rd4 56. Rg2 Kh8 57. Ra2 Rg4 58. Ke7 f5 59. Ke6 Bd4 60. Kxf5 Rg5+ 61. Ke4 Bf6 {[#] Hoping for ...Re5+.} 62. Ra8+ Kg7 ({Better is} 62... Kh7) 63. Ra7+ (63. Rg8+ $142 Kh7 64. Rf8) 63... Kh8 $16 {And now ...Re5+ would win.} 64. Bf7 Re5+ 65. Kd3 Kg7 66. Be8+ Re7 67. Ra8 Rb7 68. Ba4 Bg5 69. Ra6 Kf8 70. Kc4 Bd2 71. Rd6 Bg5 72. Bb5 Ke7 73. Rg6 {[#] Threatens to win with Rg7+.} Kd8 74. Rg8+ Kc7 75. b4 {[%cal Bb3b4,Bb4b5][%mdl 32]} Kb6 {White must now prevent ...Rc7+.} 76. Rg6+ Ka7 77. Bc6 Rf7 78. Bd5 Rf6 79. Rg7+ Kb8 80. b5 Be3 $2 (80... Kc8 $16 81. Be4 Kd8) 81. Kd3 $2 (81. Rg6 $18 {and the rest is easy.} Rf8 82. b6) 81... Bg5 82. Bc6 Re6 $2 {[%mdl 8192]} (82... Kc8 $16 {was called for.} 83. Bd5 Rd6) 83. Rg6 $18 Re3+ 84. Kc4 {aiming for b6.} Ka7 $2 (84... Kc7 85. Bd5 Kc8) 85. Bd5 {White wants to mate with b6+.} Kb8 86. b6 {White threatens Rg8+ and mate.} Re8 87. Rg7 Bf4 (87... Rc8+ $142 88. Kb5 Rc2) 88. Kb5 Rf8 89. Be6 {White mates.} Re8 90. Ka6 Rd8 91. Bg4 Ka8 92. Bf3+ {Accuracy: White = 52%, Black = 44%.} 1-0

[Event "Yingmei CHN-chT 2018"]
[Site "Guangdong"]
[Date "2018.11.29"]
[Round "21"]
[White "Vallejo Pons, Francisco"]
[Black "Wang, Yiye"]
[Result "1-0"]
[WhiteElo "2713"]
[BlackElo "2431"]
[Annotator "TA"]
[PlyCount "97"]
[EventDate "2018.07.09"]
[EventType "team-tourn"]
[EventCountry "CHN"]
[SourceTitle "playchess.com"]
[Source "ChessBase"]
[SourceQuality "1"]

{[%evp 20,97,48,58,56,49,41,37,73,34,48,45,45,40,47,46,132,140,187,160,179,183,193,173,200,159,158,147,151,150,160,160,208,200,288,256,300,297,280,277,282,271,269,206,216,168,210,150,166,91,116,0,0,63,271,297,374,392,339,340,311,352,1350,1356,1294,1308,945,1281,1039,665,665,704,1562,1356,2485,2306,29978,29979,29961,7108]} 1. e4 {[%cal Be2e4,Be4e5][%mdl 32]} e6 2. d4 d5 3. Nc3 Nf6 4. e5 Nfd7 5. f4 c5 6. Nf3 Nc6 7. Be3 Qb6 8. Na4 Qa5+ 9. c3 b6 10. Bd2 c4 11. b4 Qa6 {C11: French: Classical System: 4 e5 and 4 Bg5 dxe4} 12. a3 Be7 13. g3 f5 {White is slightly better.} 14. h3 b5 15. Nc5 Nxc5 16. bxc5 Bd7 17. g4 O-O-O (17... O-O $14) 18. gxf5 exf5 19. a4 $1 bxa4 20. Rxa4 Qb5 21. Ra2 Kc7 22. Bg2 Be6 23. O-O Rb8 24. Qe2 a5 25. Rfa1 Rhd8 26. Ne1 Rd7 (26... g6 {might work better.} 27. Nc2 Qb7) 27. Nc2 $18 g6 28. Ne3 Bd8 29. Bf3 Kc8 30. Be1 h6 31. Kh1 Qa6 32. Ra3 Qb5 33. Bg3 Ne7 34. Ng2 ({White should try} 34. R3a2 $18) 34... Qb2 {[#]} 35. Qe1 (35. Qd1 $1 $16) 35... Rb3 $14 36. Rxb3 Qxb3 $2 {[#]} (36... cxb3 $14 37. Ne3 Kb8) 37. Bh4 $1 $18 g5 38. fxg5 Ng6 39. gxh6 Nxh4 40. Nxh4 Bxh4 $2 (40... Qc2 41. Ng6 Rh7) 41. Qxh4 Qxc3 42. Rf1 Qd3 43. Bg2 f4 44. Rf3 Qb1+ 45. Kh2 Rf7 46. Rxf4 Rxf4 47. Qxf4 {White wants to mate with Qf8+.} Qf5 48. Qxf5 {[%mdl 64] Overworked Piece} Bxf5 49. Bxd5 {Accuracy: White = 67%, Black = 39%.} 1-0

[Event "Yingmei CHN-chT 2018"]
[Site "Guangdong"]
[Date "2018.11.29"]
[Round "21"]
[White "Bu, Xiangzhi"]
[Black "Liu, Qingnan"]
[Result "1/2-1/2"]
[WhiteElo "2712"]
[BlackElo "2534"]
[Annotator "TA"]
[PlyCount "122"]
[EventDate "2018.07.09"]
[EventType "team-tourn"]
[EventCountry "CHN"]
[SourceTitle "playchess.com"]
[Source "ChessBase"]
[SourceQuality "1"]

{[%evp 21,122,10,4,6,11,17,29,27,24,0,0,0,27,27,50,39,91,58,73,20,22,0,0,0,0,0,0,0,43,45,45,45,45,45,45,45,45,45,45,45,45,45,45,45,45,45,46,52,47,50,66,40,54,51,67,60,77,59,62,50,77,77,93,70,67,45,48,48,55,45,45,50,48,50,36,44,45,44,88,22,145,0,0,0,0,0,0,0,0,0,0,0,0,0,0,0,0,0,0,0,0,0,0]} 1. Nf3 d5 2. d4 Nf6 3. c4 e6 4. Nc3 Be7 5. Bg5 h6 6. Bxf6 Bxf6 7. e3 c6 8. Be2 Nd7 9. O-O O-O 10. Qb3 dxc4 11. Bxc4 e5 {LiveBook: 6 Games. D55: Queen's Gambit Declined: 4 Bg5 Be7: Lines without ...h6 and 6...h6 7 Bxf6} 12. d5 b5 13. Be2 $1 Nc5 14. Qa3 Na6 $1 {Threatens to win with ...b4.} 15. Qb3 Nc5 16. Qc2 b4 17. Nb5 $1 e4 ({Avoid the trap} 17... Qxd5 $2 18. Nc7 $18) (17... Qb6 18. dxc6 a6 19. Nc7 Qxc7 20. Qxc5 Bg4 21. Qxb4 Bxf3 22. Bxf3 Rfb8 23. Qc4 Rxb2 24. Rad1 {1-0 (22) Nikolic,P (2597)-Boensch,U (2520) Germany 2011}) 18. Nfd4 Bxd4 (18... cxb5 $14 19. Qxc5 {[%mdl 64] Double Attack} Qb6 20. Qxb4 Rd8) 19. Nxd4 Qxd5 20. Rfd1 $146 (20. Rfc1 $16 Nd3 21. Bxd3 exd3 22. Qxc6 Qxc6 23. Rxc6) ({Predecessor:} 20. Rfc1 Nd3 21. Bxd3 exd3 22. Qxc6 {½-½ (83) Harika,D (2461)-Mkrtchian,L (2436) Nalchik 2008}) 20... Bb7 $11 21. Nb5 Qe5 $1 22. Nd6 {Rac1 is the strong threat.} Rad8 23. Nxb7 Nxb7 24. Qxc6 Qxb2 25. Bf1 Rb8 26. Rab1 {[%cal Ba1b1,Bb1b4,Bb4a4][%mdl 32]} Qxa2 27. Rxb4 {[%mdl 64] [#] Double Attack} Rfc8 28. Qxe4 Nc5 29. Qf5 Qe6 30. Qxe6 Nxe6 31. Ra4 Rc7 32. Rda1 Rbb7 33. g3 Nc5 34. R4a3 Nb3 35. Rd1 Kf8 36. Bg2 Rb6 37. Bd5 Nc5 38. Rc1 Rb8 39. Kg2 Rd8 40. e4 Ke7 41. Ra5 Rdc8 42. Rc3 Kd6 43. g4 f6 44. h4 g5 45. hxg5 hxg5 46. Rf3 Ke7 47. Rh3 Kd6 48. Raa3 Re8 49. Rh6 Nd7 50. Rh7 (50. Kg3 $16) 50... Rb8 {[#]} (50... Re7 $11 {keeps the balance.} 51. Rh6 Ke5) 51. Rd3 ({Only move:} 51. Rf7 $1 $16) 51... Ne5 {The position is equal.} 52. Rxc7 Nxd3 53. Rxa7 {[%mdl 4096] Endgame KRB-KRN} Nf4+ 54. Kf3 Rc8 {[%cal Rc8c3]} 55. Ke3 Rc3+ 56. Kd2 Rf3 57. Ke1 Rd3 58. Ra6+ Ke5 59. Ra5 {aiming for Bc4+.} Nxd5 60. exd5 Rxd5 61. Rxd5+ Kxd5 {Accuracy: White = 64%, Black = 64%.} 1/2-1/2

[Event "Yingmei CHN-chT 2018"]
[Site "Guangdong"]
[Date "2018.11.29"]
[Round "21"]
[White "Andreikin, Dmitry"]
[Black "Liang, Jinrong"]
[Result "1-0"]
[WhiteElo "2702"]
[BlackElo "2465"]
[Annotator "TA"]
[PlyCount "77"]
[EventDate "2018.07.09"]
[EventType "team-tourn"]
[EventCountry "CHN"]
[SourceTitle "playchess.com"]
[Source "ChessBase"]
[SourceQuality "1"]

{[%evp 17,77,45,52,37,48,40,58,50,60,39,40,32,33,22,40,40,30,16,22,22,16,22,18,23,149,145,143,143,120,142,362,371,460,517,537,520,796,782,779,720,795,796,787,785,825,825,1952,1780,1576,720,750,725,750,735,923,677,1630,914,1307,1299,29983,29984]} 1. e4 c5 2. Nf3 e6 3. d4 cxd4 4. Nxd4 a6 5. Bd3 Qc7 6. O-O Nf6 7. Qe2 d6 8. c4 Be7 9. b3 O-O 10. Bb2 {B42: Sicilian: Kan Variation: 5 Bd3} Nbd7 11. Nc3 b6 12. f4 {White is slightly better.} Bb7 13. Kh1 Rfe8 14. Rae1 {Strongly threatening e5.} Rad8 15. Bb1 (15. Nf3 Nh5 16. Nd2 g6 17. Bb1 Bf6 18. g4 Ng7 {1-0 (32) Ponkratov,P (2613)-Bocharov,D (2583) Khanty-Mansiysk 2017}) 15... Bf8 16. Nf3 {Threatens to win with e5.} g6 17. Qf2 Qc5 18. Qh4 $146 Qh5 $1 19. Qg3 Qg4 20. Qf2 Qxf4 {[#]} (20... Qh5 $11) 21. Bc1 $1 $36 {[%cal Rc1f4][%mdl 2048] Black is under strong pressure.} Qg4 22. Ng5 Qh5 {[#]} 23. Bd3 $1 {[%cal Bb1d3,Bd3e2,Be2g4][%mdl 32] Hoping for Be2.} Re7 $2 (23... Qxh2+ $16 24. Kxh2 Ng4+ 25. Kh1 Nxf2+ 26. Rxf2 Ne5) 24. Be2 $18 Ng4 25. Bxg4 $1 Qxg4 26. Nxf7 Rb8 (26... Rde8 $142 27. Nxd6 Rb8 28. Nxb7 Ne5) 27. Bg5 Rbe8 28. Bxe7 Rxe7 29. Nxd6 Bc6 30. Nc8 Rg7 31. Nxb6 Bb4 32. Nxd7 Rxd7 33. Qb6 Rd2 34. Rg1 Bxc3 35. Qxc6 Be5 36. Ref1 {White threatens Qe8+ and mate.} Kg7 {( -> ...Qh4)} 37. Qc5 {[%csl Gf1][%cal Rc5f8]} Bd6 38. Qa7+ Kg8 39. e5 {Accuracy: White = 81%, Black = 36%.} 1-0

[Event "Yingmei CHN-chT 2018"]
[Site "Guangdong"]
[Date "2018.11.29"]
[Round "21"]
[White "Ni, Hua"]
[Black "Xiang, Zeyu"]
[Result "1-0"]
[WhiteElo "2676"]
[BlackElo "2409"]
[Annotator "TA"]
[PlyCount "130"]
[EventDate "2018.07.09"]
[EventType "team-tourn"]
[EventCountry "CHN"]
[SourceTitle "playchess.com"]
[Source "ChessBase"]
[SourceQuality "1"]

{[%evp 23,130,6,8,0,0,0,0,0,0,0,-19,-20,11,0,84,85,69,74,61,0,119,118,282,289,278,283,282,143,143,138,143,137,141,137,137,139,148,147,153,153,162,154,183,181,201,180,182,181,228,220,228,153,228,228,220,220,222,218,245,237,214,212,220,143,154,150,311,285,937,961,798,858,379,787,727,719,1354,1145,1892,1791,1535,1545,1965,1822,1501,1520,2172,2182,2085,2179,2127,1992,1735,1901,1757,1741,1973,1716,1462,1304,7832,6794,29973,29975,29974,29975,29975,29962,29972]} 1. d4 d5 2. c4 e6 3. Nf3 Nf6 4. g3 Bb4+ 5. Bd2 Be7 6. Bg2 O-O 7. O-O c6 8. Qb3 b6 9. Nc3 Ba6 10. cxd5 {E11: Bogo-Indian} cxd5 11. Ne5 Bb7 12. Rfc1 Nfd7 {LiveBook: 3 Games} (12... Nc6 13. Nxd5 Nxd4 14. Nxe7+ Qxe7 15. Qc4 Bxg2 16. Qxd4 Rfd8 17. Qf4 Bb7 {½-½ (67) Caruana,F (2784)-Ding,L (2769) Berlin 2018}) 13. Nxd5 exd5 14. Bxd5 Bxd5 15. Qxd5 {aiming for Nxf7.} Nxe5 16. Qxa8 Qxd4 {[%mdl 64] Double Attack} 17. Bc3 Qc5 18. Qe4 Nbd7 $146 (18... f6 $1 $11) ({Predecessor:} 18... f6 19. Bxe5 Qxe5 20. Qxe5 fxe5 21. Rc7 Bc5 {½-½ (21) Sloth,J (2610)-Morgado,J Germany 1995}) 19. Rd1 $16 {[%mdl 1024] White has strong compensation.} f5 20. Qd5+ Rf7 21. Qe6 (21. Rac1 $14 Ng4 22. Be1 Qxd5 23. Rxd5) 21... Bf8 (21... Bf6 $11 {keeps the balance.}) 22. Rd5 $36 {[%mdl 2048] White is on the roll.} Qe7 $2 (22... Qc6 $16 {keeps fighting.} 23. Rxe5 Nxe5 24. Qxe5 Qd7) 23. Qxe7 $1 $18 ({Less strong is} 23. Rxe5 Nxe5 24. Qxe5 Qxe5 $16) 23... Rxe7 24. Rad1 Re6 25. Kf1 ({Not} 25. Rxd7 Nxd7 26. Rxd7 Re7 $16) ({White should try} 25. h3 $18) 25... Re7 $16 26. f4 Ng4 27. Rxd7 Ne3+ 28. Kf2 {And now R1d3 would win.} Nxd1+ 29. Rxd1 {[%mdl 4096] Endgame KRB-KRB} Kf7 30. Kf3 g6 31. h3 h5 32. e3 Bg7 33. Bxg7 Kxg7 $18 {KR-KR} 34. Rc1 Rd7 35. Ke2 Kf7 36. Rc6 Kg7 37. a4 Kh6 (37... Re7 $16 38. Kf3 Kf7) 38. b4 {[%cal Bb2b4,Bb4b5][%mdl 32]} Re7 39. Rc4 Rd7 40. b5 Kg7 41. Kf3 Re7 42. e4 fxe4+ 43. Rxe4 Rc7 44. g4 hxg4+ $2 (44... Kf6 $16 {was called for.}) 45. hxg4 {[%cal Bh3g4,Bg4g5][%mdl 32]} Kf6 $2 (45... Rc3+ 46. Re3 Rc7) 46. g5+ Kf7 {[#]} 47. Ke3 $1 {[%cal Re3d3]} Rc3+ {[#]} 48. Kd4 $1 {[%cal Rd4c3]} Rc5 49. Kd3 Rf5 50. Rc4 Rd5+ 51. Rd4 Rf5 52. Ke4 Rc5 53. Rd7+ Ke6 54. Rxa7 Rc1 55. Rg7 Re1+ 56. Kf3 Rf1+ 57. Kg3 Kf5 58. Rf7+ Ke4 59. Re7+ Kd5 60. Rg7 Ke4 61. Rxg6 Rf3+ 62. Kg4 {Re6+ would kill now.} Rxf4+ 63. Kh5 {White mates.} Ke5 64. Rxb6 Rxa4 65. Rf6 Kd5 {Accuracy: White = 74%, Black = 43%.} 1-0

[Event "Yingmei CHN-chT 2018"]
[Site "Guangdong"]
[Date "2018.11.29"]
[Round "21"]
[White "Lu, Shanglei"]
[Black "Wang, Yue"]
[Result "1/2-1/2"]
[WhiteElo "2635"]
[BlackElo "2681"]
[Annotator "TA"]
[PlyCount "60"]
[EventDate "2018.07.09"]
[EventType "team-tourn"]
[EventCountry "CHN"]
[SourceTitle "playchess.com"]
[Source "ChessBase"]
[SourceQuality "1"]

{[%evp 24,60,18,25,26,25,31,6,6,6,5,6,8,6,6,6,6,6,6,0,5,5,5,5,6,5,5,5,6,1,4,4,6,0,0,0,6,6,14]} 1. e4 e5 2. Nf3 Nf6 3. d4 Nxe4 4. Bd3 d5 5. Nxe5 Nd7 6. Nxd7 Bxd7 7. O-O Bd6 8. Qh5 Qf6 {C43: Petroff Defence: 3 d4} 9. Nc3 Qxd4 10. Be3 Qe5 11. Qxe5+ Bxe5 12. Nxd5 Nf6 13. Rae1 {LiveBook: 17 Games. And now Bd4 would win.} (13. Bf4 Bxf4 14. Rfe1+ Kf8 15. Nxf4 g5 16. Ne2 {½-½ (59) Lu,S (2619)-Wang,Y (2718) China 2016}) 13... Nxd5 {[#]} 14. Bd4 $146 ({Predecessor:} 14. Bd2 f6 15. f4 Nxf4 16. Bxf4 {½-½ (30) Rublevsky,S (2693)-Wang,Y (2691) Poikovsky 2012}) 14... f6 {Hoping for ...Nf4.} 15. f4 {[#]} Nxf4 $1 {The position is equal.} 16. Rxf4 O-O 17. Bxe5 fxe5 18. Bc4+ Kh8 19. Rxf8+ Rxf8 20. Rxe5 Re8 21. Rxe8+ Bxe8 $11 {[%mdl 4096] Endgame KB-KB} 22. Kf2 g5 23. Ke3 Kg7 24. Kd4 Kf6 25. g3 h6 26. a3 b6 27. b4 Bc6 28. Bd3 Ke6 29. c4 {[%cal Bc2c4,Bc4c5][%mdl 32]} Bg2 30. c5 Bf3 {Accuracy: White = 73%, Black = 70%.} 1/2-1/2

[Event "Yingmei CHN-chT 2018"]
[Site "Guangdong"]
[Date "2018.11.29"]
[Round "21"]
[White "Ma, Qun"]
[Black "Wan, Yunguo"]
[Result "1-0"]
[WhiteElo "2619"]
[BlackElo "2523"]
[Annotator "TA"]
[PlyCount "109"]
[EventDate "2018.07.09"]
[EventType "team-tourn"]
[EventCountry "CHN"]
[SourceTitle "playchess.com"]
[Source "ChessBase"]
[SourceQuality "1"]

{[%evp 26,109,37,37,39,37,26,33,48,45,65,31,47,10,33,35,51,8,20,0,37,0,0,-9,-10,-35,-9,-9,0,-5,0,0,0,-21,-13,-29,0,0,0,0,0,0,0,0,0,0,0,0,0,0,0,0,0,0,0,0,45,31,72,53,149,146,194,87,362,279,726,717,560,482,1416,1047,985,632,29977,29978,29978,29978,29978,29978,29980,29981,29988,29989,29990,29991]} 1. d4 Nf6 2. c4 g6 3. f3 d5 4. cxd5 Nxd5 5. e4 Nb6 6. Nc3 Bg7 7. Be3 O-O 8. Qd2 Nc6 9. O-O-O Qd6 {D70: Grünfeld: Unusual White 3rd moves (met by ...d5)} 10. Kb1 Rd8 11. Nb5 Qd7 12. d5 a6 13. Nc3 Qe8 14. Qc1 {LiveBook: 29 Games} Na5 15. Bf4 Rd7 16. Bh6 {Black must now prevent Bxg7.} Bxh6 17. Qxh6 e6 18. h4 {[%cal Bh2h4,Bh4h5][%mdl 32] [#]} (18. Nh3 {is more complex.} Qf8 19. Qf4 Rd6 20. Nf2 exd5 21. exd5 Bf5+ 22. Ka1) 18... Qf8 $146 19. Qxf8+ Kxf8 20. h5 g5 21. Nh3 h6 22. Nf2 Rd6 23. g4 Nac4 24. Bxc4 Nxc4 25. Rhe1 Ne5 26. Re3 $1 c6 27. b3 Bd7 28. Nd3 Nxd3 29. Rexd3 exd5 30. exd5 cxd5 31. Ne4 ({Don't play} 31. Nxd5 Bb5 $17) 31... Rb6 32. Rxd5 Bc6 33. Re5 Rb4 34. Kb2 Bxe4 35. fxe4 Re8 36. Rxe8+ Kxe8 $11 {[%mdl 4096] Endgame KR-KR} 37. Re1 Rb6 38. Kc3 Rf6 39. Kd4 Rf2 40. a4 Rg2 41. Kc5 $1 Rxg4 42. Kb6 Rg3 (42... Kd7 $14) 43. Rb1 $1 $16 Re3 44. Kxb7 Rxe4 $2 {[%mdl 8192]} (44... a5 $16) 45. Kxa6 $18 f5 $2 (45... Rb4 46. Ka5 Rb8) 46. b4 $1 {[%cal Bb3b4,Bb4b5,Bb5b6,Bb6b7][%mdl 32]} f4 47. a5 f3 (47... Re6+ $142 48. Kb7 Re7+ 49. Kb8 g4) 48. b5 $1 g4 49. b6 {And now b7 would win.} Kd7 50. b7 {White mates.} Re8 51. Kb6 ({Avoid the trap} 51. b8=R $2 Rxb8 52. Rxb8 f2 $19) 51... f2 {[#]} 52. Rd1+ $1 Ke6 {[#]} 53. a6 $1 {[%cal Ra6a7]} g3 54. a7 g2 55. a8=Q {Precision: White = 81%, Black = 48%.} 1-0

[Event "Yingmei CHN-chT 2018"]
[Site "Guangdong"]
[Date "2018.11.29"]
[Round "21"]
[White "Zhao, Jun"]
[Black "Cheparinov, Ivan"]
[Result "1-0"]
[WhiteElo "2612"]
[BlackElo "2715"]
[Annotator "TA"]
[PlyCount "43"]
[EventDate "2018.07.09"]
[EventType "team-tourn"]
[EventCountry "CHN"]
[SourceTitle "playchess.com"]
[Source "ChessBase"]
[SourceQuality "1"]

{[%evp 26,43,31,29,32,37,64,68,83,71,130,106,128,122,168,169,368,228,493,464]} 1. e4 c5 2. Nf3 Nc6 3. Bb5 g6 4. Bxc6 dxc6 5. d3 Bg7 6. h3 Nf6 7. Nc3 Nd7 8. Be3 e5 9. Qd2 h6 {B31: Sicilian: 2...Nc6 3 Bb5 g6} 10. O-O Qe7 11. Nh2 Nf8 12. f4 exf4 13. Bxf4 Ne6 14. Bg3 {[%cal Bf4g3,Bg3f2,Bf2h4][%mdl 32] LiveBook: 80 Games} Nd4 15. Rae1 (15. e5 Bf5 16. Rae1 O-O-O 17. Ne4 Bxe4 18. Rxe4 {½-½ (42) Amin,B (2686)-Flores,D (2621) Batumi 2018}) 15... O-O 16. e5 Nf5 {[#]} 17. Bf2 $1 h5 $146 (17... b6 $142) 18. Nf3 b6 19. Ne4 Qe6 20. Qf4 Qxa2 $2 {[#]} (20... Bd7 21. b3 a5) 21. g4 Nh6 $2 (21... Qe6 22. gxf5 Qxf5 23. Qxf5 Bxf5) 22. Bh4 {Accuracy: White = 92%, Black = 12%.} 1-0

[Event "Yingmei CHN-chT 2018"]
[Site "Guangdong"]
[Date "2018.11.29"]
[Round "21"]
[White "Wen, Yang"]
[Black "Zhou, Jianchao"]
[Result "1-0"]
[WhiteElo "2609"]
[BlackElo "2625"]
[Annotator "TA"]
[PlyCount "53"]
[EventDate "2018.07.09"]
[EventType "team-tourn"]
[EventCountry "CHN"]
[SourceTitle "playchess.com"]
[Source "ChessBase"]
[SourceQuality "1"]

{[%evp 12,53,31,34,48,44,37,42,40,38,53,49,23,26,44,52,93,69,77,75,95,95,108,102,97,96,97,96,102,100,93,90,100,97,133,140,152,157,167,170,164,171,183,155]} 1. e4 c5 2. Nf3 d6 3. d4 cxd4 4. Nxd4 Nf6 5. Nc3 a6 6. g3 e6 7. Bg2 Bd7 {B80: Sicilian Scheveningen: 6 g3 and 6 Be3, including English Attack} (7... Be7 8. O-O O-O 9. b3 Qc7 10. Bb2 Nbd7 11. a4 Rb8 12. a5 b5 13. axb6 Qxb6 14. g4 g6 15. g5 Nh5 16. f4 Bb7 17. Kh1 Ng7 18. h4 {0-1 (47) Dubov,D (2660)-Korobov,A (2695) Poikovsky 2017}) 8. g4 h6 9. h4 g6 {White is slightly better.} 10. g5 hxg5 11. hxg5 (11. Bxg5 $5 {[%cal Rd1f3]} Be7 12. Qd2 $14) 11... Rxh1+ 12. Bxh1 Nh5 13. Bf3 $146 ({Predecessor:} 13. Be3 Nc6 14. Bf3 Ng7 15. Be2 {½-½ (48) Popilski,G (2451)-Van Kampen,R (2475) Enschede 2010}) 13... Bg7 14. Be3 $36 {[%mdl 2048] Black is under pressure.} Nc6 15. Nb3 ({Reject} 15. Bxh5 gxh5 16. Nb3 d5 $1 $11 {[%mdl 512]}) 15... Bxc3+ 16. bxc3 Qc7 17. Bxh5 gxh5 18. Qxh5 {aiming for Qh8+.} O-O-O {[#]} 19. O-O-O $1 Be8 20. Qh3 Bd7 21. Qg3 e5 22. g6 {And now Bg5 would win.} fxg6 23. Qxg6 {White is clearly better.} Be8 {[#]} 24. Qe6+ $1 Bd7 25. Qxd6 Qxd6 26. Rxd6 Bg4 27. Rf6 {Accuracy: White = 94%, Black = 52%.} 1-0